000 00216nam a22000857a 4500
008 170620b xxu||||| |||| 00| 0 eng d
100 _93570
_aSen.A
245 _aEassays for Competitive Exam
260 _aNew delhi
_bR.P
_c2012
999 _c6955
_d6955